| 000 | 00477pab a2200181 454500 | ||
|---|---|---|---|
| 008 | 180718b2010 xxu||||| |||| 00| 0 eng d | ||
| 100 | _aBlankenburg, Stephanie | ||
| 245 | _aLimited liability and the modern corporation in theory and in practice | ||
| 260 | _c2010 | ||
| 300 | _ap.821-836. | ||
| 362 | _aSep | ||
| 650 | _aCorporation | ||
| 700 | _aWilkinson, Frank | ||
| 700 | _aPlesch, Dan | ||
| 773 | _aCambridge Journal of Economics | ||
| 908 | _aN | ||
| 909 | _a89343 | ||
| 999 |
_c89343 _d89343 |
||